[Event "54th Ilmar Raud Memorial"]
[Site "Viljandi"]
[Date "2020.07.07"]
[Round "3.2"]
[White "Chukavin, Kirill"]
[Black "Neiksans, Arturs"]
[Result "0-1"]
[WhiteElo "2345"]
[BlackElo "2557"]
[PlyCount "86"]
[EventDate "2020.??.??"]

1. e4 {[%emt 0:02:21]} c5 {[%emt 0:00:14]} 2. Nf3 {[%emt 0:00:24]} d6 {[%emt 0:
00:07]} 3. d4 {[%emt 0:00:10]} cxd4 {[%emt 0:00:06]} 4. Nxd4 {[%emt 0:00:05]}
Nf6 {[%emt 0:00:04]} 5. Nc3 {[%emt 0:00:17]} a6 {[%emt 0:00:06]} 6. h3 {
[%emt 0:00:11]} e5 {[%emt 0:00:13]} 7. Nde2 {[%emt 0:00:22]} h5 {[%emt 0:00:12]
} 8. g3 {[%emt 0:00:16]} Nbd7 {[%emt 0:00:59]} 9. a4 {[%emt 0:00:12]} b6 {
[%emt 0:00:30]} 10. Nd5 {[%emt 0:08:06]} Nxd5 {[%emt 0:01:02]} 11. Qxd5 {
[%emt 0:00:19]} Rb8 {[%emt 0:00:07]} 12. Nc3 {[%emt 0:01:33]} Bb7 {[%emt 0:03:
58]} 13. Qa2 {[%emt 0:04:34]} Be7 {[%emt 0:03:32]} 14. Bg2 {[%emt 0:02:28]} h4
{[%emt 0:02:51]} 15. O-O {[%emt 0:02:42]} (15. g4 Bg5) 15... hxg3 {[%emt 0:24:
23]} 16. fxg3 {[%emt 0:00:08]} Nf6 {[%emt 0:00:03]} 17. Bg5 {[%emt 0:37:32]}
Rc8 {[%emt 0:07:58]} 18. Qb3 {[%emt 0:09:22]} O-O {[%emt 0:07:33]} 19. Bxf6 {
[%emt 0:03:26]} Bxf6 {[%emt 0:00:19]} 20. Nd5 {[%emt 0:00:07]} (20. Rad1) 20...
Bxd5 {[%emt 0:01:52]} 21. exd5 {[%emt 0:00:13][%cal Rg7g6,Rf7f5,Re5e4,Rf6e5]}
g6 {[%emt 0:04:03]} 22. Qd3 {[%emt 0:05:56]} Bg7 {[%emt 0:01:41]} 23. c3 {
[%emt 0:06:58]} a5 {[%emt 0:01:04]} 24. Ra3 {[%emt 0:00:58]} f5 {[%emt 0:01:17]
} 25. Rb3 {[%emt 0:00:32]} e4 {[%emt 0:02:11]} 26. Qe3 {[%emt 0:00:20]} Rc5 {
[%emt 0:00:13][%cal Rg7e5,Rd8f6,Rc5c7,Rc7g7]} 27. Rb5 {[%emt 0:02:36]} Kh7 {
[%emt 0:07:44]} 28. g4 {[%emt 0:03:33][%cal Rg4f5,Rg6f5,Rf1f5,Rg2e4,Re4h7]} Kh8
{[%emt 0:05:41]} 29. Kh1 {[%emt 0:00:47]} Kg8 {[%emt 0:09:29]} (29... Qh4 30.
Rxb6 (30. Rg1 Be5 31. gxf5 gxf5 32. Bf1 Rc7 33. Rxb6 Rh7 34. Rc6) 30... Rxd5)
30. Kg1 {[%emt 0:00:23]} (30. Rxc5 bxc5 {[%cal Rg7e5,Rd8h4,Rf8f7,Rf7h7]}) (30.
g5 Be5 31. Kg1 Kg7) (30. Rg1 Rxb5 31. axb5 Qh4 32. gxf5 gxf5 33. Qxb6 Qf4)
30... Qh4 {[%emt 0:02:01]} 31. gxf5 {[%emt 0:03:01]} gxf5 {[%emt 0:00:04]} 32.
Rxb6 {[%emt 0:01:12]} Rxd5 {[%emt 0:01:10]} (32... Be5 {[%cal Rc5c7,Rc7g7,
Rg7g3]} 33. Rb7 (33. Rb5 Rc7) 33... Rxd5 {[%cal Rd5d3]}) 33. Rb5 {[%emt 0:01:
18]} Rd3 {[%emt 0:02:39]} 34. Qf4 {[%emt 0:01:46]} Qxf4 {[%emt 0:02:01]} 35.
Rxf4 {[%emt 0:00:02]} d5 {[%emt 0:00:22]} 36. c4 {[%emt 0:01:57]} (36. Bf1 Rd1
37. Rxd5 Rxd5 38. Bc4 Bh6 (38... Rfd8 39. Rxf5) 39. Rf1 Kg7 40. Bxd5 Kg6) 36...
Be5 {[%emt 0:03:24]} 37. Rf1 {[%emt 0:00:43]} f4 {[%emt 0:01:47]} 38. Rxd5 {
[%emt 0:00:48]} Bd4+ {[%emt 0:01:17]} 39. Kh2 {[%emt 0:00:02]} Rd2 {[%emt 0:00:
54]} 40. Re1 {[%emt 0:01:58]} e3 {[%emt 0:03:04]} 41. Rxa5 {[%emt 0:10:49]} f3
{[%emt 0:00:46]} 42. Rg5+ {[%emt 0:01:48]} Kh7 {[%emt 0:00:52]} 43. Rg1 {
[%emt 0:02:05]} e2 {[%emt 0:02:16]} 0-1

[Event "54th Ilmar Raud Memorial"]
[Site "Viljandi"]
[Date "2020.07.07"]
[Round "3.3"]
[White "Külaots, Kaido"]
[Black "Sakalauskas, Vaidas"]
[Result "1-0"]
[WhiteElo "2524"]
[BlackElo "2335"]
[PlyCount "113"]
[EventDate "2020.??.??"]

1. e4 {[%emt 0:00:05]} c5 {[%emt 0:00:24]} 2. Nf3 {[%emt 0:00:10]} g6 {[%emt 0:
00:14]} 3. d4 {[%emt 0:03:34]} cxd4 {[%emt 0:01:08]} 4. Nxd4 {[%emt 0:00:05]}
Nc6 {[%emt 0:00:23]} 5. Nc3 {[%emt 0:00:22]} Bg7 {[%emt 0:01:12]} 6. Be3 {
[%emt 0:00:22]} Nf6 {[%emt 0:00:29]} 7. Bc4 {[%emt 0:00:22]} O-O {[%emt 0:00:
32]} 8. Bb3 {[%emt 0:00:05]} a5 {[%emt 0:02:25]} 9. O-O {[%emt 0:03:34]} d6 {
[%emt 0:01:03]} 10. Ndb5 {[%emt 0:01:29]} b6 {[%emt 0:07:22]} 11. f3 {[%emt 0:
11:40]} Ba6 {[%emt 0:05:27]} 12. Rf2 {[%emt 0:06:46]} Nd7 {[%emt 0:01:43]} 13.
Rb1 {[%emt 0:13:13]} Nc5 {[%emt 0:12:56]} 14. Bd5 {[%emt 0:04:08]} Rc8 {
[%emt 0:01:52]} 15. a3 {[%emt 0:10:36]} Qd7 {[%emt 0:06:08]} 16. b4 {[%emt 0:
21:25]} axb4 {[%emt 0:03:57]} 17. axb4 {[%emt 0:00:04]} Ne6 {[%emt 0:00:22]}
18. Na4 {[%emt 0:02:32]} Ne5 {[%emt 0:24:37]} 19. Nbc3 {[%emt 0:03:12]} Qc7 {
[%emt 0:09:15]} 20. Bxb6 {[%emt 0:04:31]} Qb8 {[%emt 0:00:16]} 21. b5 {[%emt 0:
00:49]} Bb7 {[%emt 0:00:06]} 22. Bxe6 {[%emt 0:07:15]} fxe6 {[%emt 0:00:17]}
23. Bd4 {[%emt 0:01:55]} Rc4 {[%emt 0:03:18]} 24. Rd2 {[%emt 0:00:53]} Rfc8 {
[%emt 0:01:23]} 25. f4 {[%emt 0:02:47]} Nd7 {[%emt 0:01:28]} 26. Bxg7 {[%emt 0:
00:06]} Kxg7 {[%emt 0:00:02]} 27. Qg4 {[%emt 0:01:10]} Nf8 {[%emt 0:00:51]} 28.
Qg5 {[%emt 0:00:27]} Qc7 {[%emt 0:02:50]} 29. Re1 {[%emt 0:00:23]} h6 {[%emt 0:
02:24]} 30. Qh4 {[%emt 0:00:19]} Rxc3 {[%emt 0:05:47]} 31. Nxc3 {[%emt 0:00:05]
} Qc5+ {[%emt 0:00:22]} 32. Kh1 {[%emt 0:00:47]} g5 {[%emt 0:01:55]} 33. fxg5 {
[%emt 0:00:23]} hxg5 {[%emt 0:00:03]} 34. Qh5 {[%emt 0:01:04]} Qxc3 {[%emt 0:
00:10]} 35. Qxg5+ {[%emt 0:00:13]} Ng6 {[%emt 0:00:04]} 36. Rde2 {[%emt 0:00:
56]} Rc5 {[%emt 0:03:48]} 37. Qg4 {[%emt 0:00:11]} Qf6 {[%emt 0:00:50]} 38. e5
{[%emt 0:00:50]} dxe5 {[%emt 0:01:09]} 39. Qb4 {[%emt 0:00:24]} Rd5 {[%emt 0:
00:07]} (39... Rc8 40. c4 (40. Qd2 Nf4 41. Rf2 Rh8 42. Kg1 Qh4 43. h3 (43. g3
Qxg3+ 44. hxg3 Rh1#) 43... Qg3 44. Kf1 Rxh3 45. gxh3 Qxh3+) 40... Nf4) 40. c4 {
[%emt 0:00:35]} Rd4 {[%emt 0:00:26]} 41. Qc3 {[%emt 0:02:28]} Qg5 {[%emt 0:07:
39]} (41... Nf4 42. Qg3+ Kf7 43. Rf2 Rxc4 44. h3 Rb4 45. Kh2 Rxb5 46. Qg4) 42.
Qe3 {[%emt 0:10:02]} (42. c5 Nf4 43. c6 Nxe2 44. Rxe2 Qf4 45. Re1 Rc4 46. Qb2
Bxc6 47. bxc6 Rxc6) 42... Nf4 {[%emt 0:03:29]} (42... Qxe3 43. Rxe3 Rxc4) 43.
Qxe5+ {[%emt 0:00:56]} Qxe5 {[%emt 0:00:14]} 44. Rxe5 {[%emt 0:00:05]} Rd2 {
[%emt 0:00:32]} 45. h4 {[%emt 0:03:48]} Nxg2 {[%emt 0:01:40]} 46. Rg5+ {
[%emt 0:00:28]} Kf7 {[%emt 0:00:24]} 47. Rf1+ {[%emt 0:00:25]} Ke8 {[%emt 0:01:
01]} (47... Nf4+ 48. Kg1 e5) 48. c5 {[%emt 0:00:09]} Bd5 {[%emt 0:02:22]} 49.
Kg1 {[%emt 0:00:32]} Nxh4 {[%emt 0:01:06]} 50. c6 {[%emt 0:00:32]} Kd8 {
[%emt 0:02:00]} 51. Rxd5+ {[%emt 0:00:19]} exd5 {[%emt 0:00:54]} 52. b6 {
[%emt 0:00:13]} e5 {[%emt 0:00:32]} 53. c7+ {[%emt 0:00:49]} Kd7 {[%emt 0:00:
09]} 54. Rf7+ {[%emt 0:00:18]} Ke6 55. c8=Q+ {[%emt 0:00:44]} Kxf7 {[%emt 0:00:
02]} 56. Qd7+ {[%emt 0:00:12]} Kg6 {[%emt 0:00:25]} 57. Qg4+ {[%emt 0:00:10]}
1-0

[Event "54th Ilmar Raud Memorial"]
[Site "Viljandi"]
[Date "2020.07.07"]
[Round "3.4"]
[White "Jazdanovs, Aleksandrs"]
[Black "Laurusas, Tomas"]
[Result "0-1"]
[WhiteElo "2183"]
[BlackElo "2511"]
[PlyCount "70"]
[EventDate "2020.??.??"]

1. e4 {[%emt 0:03:00]} c5 {[%emt 0:00:07]} 2. Nf3 {[%emt 0:00:10]} e6 {[%emt 0:
00:08]} 3. d4 {[%emt 0:00:23]} cxd4 {[%emt 0:00:08]} 4. Nxd4 {[%emt 0:00:14]}
a6 {[%emt 0:00:09]} 5. Nc3 {[%emt 0:00:33]} Qc7 {[%emt 0:00:08]} 6. g3 {
[%emt 0:00:33]} Bb4 {[%emt 0:00:13]} 7. Bd2 {[%emt 0:00:07]} Nf6 {[%emt 0:00:
12]} 8. Bg2 {[%emt 0:00:45]} Nc6 {[%emt 0:00:14]} 9. Nb3 {[%emt 0:00:39]} Be7 {
[%emt 0:02:19]} 10. O-O {[%emt 0:00:29]} O-O {[%emt 0:00:28]} 11. f4 {[%emt 0:
02:45]} d6 {[%emt 0:00:48]} 12. Be3 {[%emt 0:01:25]} b5 {[%emt 0:05:12]} 13. g4
{[%emt 0:01:04][%csl Rc3][%cal Rb7b5,Rb5b4]} Nd7 {[%emt 0:00:19]} 14. g5 {
[%emt 0:09:15]} Re8 {[%emt 0:00:36]} 15. Qh5 {[%emt 0:01:49][%cal Rf1f3,Rf3h3,
Rh5h4,Rh4f2,Rf4f5,Rf5f6]} (15. a3 Nb6 {[%cal Rb6c4]} 16. Nd2 {[%cal Rb3d4]})
15... g6 {[%emt 0:07:14]} 16. Qh6 {[%emt 0:03:23]} Bf8 {[%emt 0:00:14]} 17. Qh4
{[%emt 0:00:07]} Bb7 {[%emt 0:07:10]} (17... Be7 {[%cal Rh7h5]} 18. Qh6) (17...
b4 18. Ne2 (18. Na4 {[%cal Rc8b7,Rb7c6]}) 18... a5) 18. Nd2 {[%emt 0:08:31]} b4
{[%emt 0:02:51]} 19. Ne2 {[%emt 0:00:32]} d5 {[%emt 0:00:39]} (19... Bg7 20.
Rf3 (20. c3 bxc3 21. bxc3 a5 {[%cal Rb7a6]} 22. Rf3 Ba6) 20... Bxb2 21. Rb1 Bg7
22. Rh3 Nf8) 20. e5 {[%emt 0:00:53][%csl Rd4,Rf6][%cal Rb7g2]} a5 {[%emt 0:07:
08]} 21. Rfc1 {[%emt 0:06:29]} (21. Nf3 Ba6 22. Qf2 Bxe2 23. Qxe2 Bc5) 21...
Ba6 {[%emt 0:05:19]} 22. c4 {[%emt 0:04:38]} bxc3 {[%emt 0:03:06]} 23. Nxc3 {
[%emt 0:00:12][%cal Rg2d5,Rd5f6,Rc3d5,Rd5f7]} Rac8 {[%emt 0:01:56]} (23... Nb4
24. Nxd5) (23... Rad8 24. Nxd5 (24. Bxd5 exd5 25. Nxd5 Qb7 26. Ne4 Re6) 24...
exd5 25. Bxd5 Ndxe5) 24. Bxd5 {[%emt 0:03:40]} (24. Nxd5 exd5 25. Bxd5 Qb7 (
25... Nc5 26. Bxc5 Nxe5 27. Bxf8 Qb6+ 28. Kh1 Bb7 (28... Qd4) 29. Bxb7 Qxb7+
30. Kg1 Rxc1+ 31. Rxc1 Nd3 32. Rf1) 26. Ne4 Qxb2 27. Rab1 (27. Bxf7+ Kxf7 28.
Qxh7+ Bg7 29. Nd6+ Kf8 30. Qxg6 (30. Nxe8 Rxe8 31. Qxg6) 30... Ndxe5 31. fxe5
Nxe5 32. Qf5+ Kg8 33. Nxc8 Qe2 34. Bf2 Nf3+ 35. Kg2 Nh4+) (27. Qh3 Nb4 28. Qxd7
Nxd5 29. Qxd5 Red8) 27... Qe2 28. Re1 Qh5 29. Qxh5 gxh5) 24... exd5 {[%emt 0:
11:01]} 25. Nxd5 {[%emt 0:00:07]} Qb7 {[%emt 0:03:04]} 26. Ne4 {[%emt 0:00:41]}
Re6 {[%emt 0:00:17]} 27. Ndf6+ {[%emt 0:09:42]} Nxf6 {[%emt 0:00:17]} 28. Nxf6+
{[%emt 0:00:40]} Rxf6 {[%emt 0:00:11]} 29. gxf6 {[%emt 0:00:08]} Qxb2 {[%emt 0:
08:46]} 30. Qf2 {[%emt 0:04:48]} Ba3 {[%emt 0:07:09]} 31. Rd1 {[%emt 0:03:16]}
Be2 $2 {[%emt 0:07:36]} (31... Bd3) 32. Rdc1 $2 {[%emt 0:03:40]} (32. Rdb1 Qc2
33. Rb3 Bf8 (33... Bb2 34. Re1) (33... Bb4 34. Rc1 Qxa2 35. Rd3 a4 36. e6 fxe6
(36... Qxe6 37. Qxe2 Qxf6 38. Qf3 Ne7 39. Rxc8+ Nxc8 40. Qb7) 37. Rd7) 34. Rc1
Qf5 (34... Qxa2 35. Rbc3) 35. Qxe2 Nd4 36. Qd1 Rxc1 37. Bxc1 Nxb3 38. axb3 Qh3
39. Qd5) 32... Bg4 {[%emt 0:01:57]} 33. Qg3 {[%emt 0:03:53]} Bf5 {[%emt 0:00:
34]} 34. Qf3 {[%emt 0:00:59]} Nd4 {[%emt 0:01:06]} 35. Rxc8+ {[%emt 0:02:12]}
Bxc8 {[%emt 0:00:09]} 0-1

[Event "54th Ilmar Raud Memorial"]
[Site "Viljandi"]
[Date "2020.07.07"]
[Round "3.5"]
[White "Sepp, Olav"]
[Black "Kukk, Sander"]
[Result "1-0"]
[WhiteElo "2410"]
[BlackElo "2194"]
[PlyCount "105"]
[EventDate "2020.??.??"]

1. e4 {[%emt 0:00:04]} g6 {[%emt 0:00:35]} 2. d4 {[%emt 0:00:11]} Bg7 {[%emt 0:
01:56]} 3. Nf3 {[%emt 0:00:46]} d6 {[%emt 0:00:57]} 4. c3 {[%emt 0:00:14]} Nd7
{[%emt 0:03:25]} 5. Bc4 {[%emt 0:02:22]} e6 {[%emt 0:09:36]} (5... Ngf6 6.
Bxf7+ Kxf7 7. Ng5+ Kg8 8. Ne6 Qe8 9. Nxc7 Qd8 10. Nxa8 b6 11. Qa4 Bb7 12. Qc4+
d5 13. Qc7 Qxa8 14. e5) (5... c5 $6 6. O-O cxd4 7. cxd4) (5... c6 6. Qb3 (6.
Bxf7+ Kxf7 7. Ng5+ Ke8 8. Ne6 Qb6 (8... Qa5 9. a4 Nf8 (9... Bf6 10. b4 Qh5 11.
Qxh5 gxh5 12. Nc7+ Kd8 13. Nxa8 b6 14. a5 b5 15. Nb6 axb6 16. a6) 10. b4 Qb6 (
10... Qh5 11. Nxg7+) 11. a5) 9. a4 a5 10. Nxg7+ Kf7 11. Nh5 gxh5 12. Qxh5+ Kg7
13. O-O)) 6. O-O {[%emt 0:02:20]} Ne7 {[%emt 0:01:17]} (6... Ngf6 7. e5 dxe5 8.
dxe5 Ng4 9. Bg5) 7. Re1 {[%emt 0:04:08]} O-O {[%emt 0:00:27]} 8. Bb3 {[%emt 0:
09:58]} a6 {[%emt 0:07:41]} 9. a4 {[%emt 0:00:28]} b6 {[%emt 0:00:15]} 10. Bf4
{[%emt 0:05:15]} h6 {[%emt 0:06:04]} 11. Nbd2 {[%emt 0:00:36]} Bb7 {[%emt 0:00:
49]} 12. h3 {[%emt 0:02:24]} Kh7 {[%emt 0:01:21]} 13. Nf1 {[%emt 0:01:44]} Ng8
{[%emt 0:02:17]} 14. e5 {[%emt 0:09:07]} (14. Qe2 Qe7 (14... e5 15. dxe5 dxe5
16. Bh2 {[%csl Re5][%cal Ra1d1,Rf1e3,Re3d5,Re3c4,Rh3h4,Rh4h5]} Qe7 17. Bd5 (17.
Bc2 Ngf6 18. Rad1 Rfd8 19. Ne3 Nxe4 20. Nd5 Bxd5 21. Rxd5 Nef6 22. Rdd1 Ne8 23.
h4) 17... c6 18. Ba2 {[%csl Rb7,Re4]} b5) 15. e5 dxe5 16. dxe5 {[%cal Rb3c2,
Rf1g3,Rh3h4,Rh4h5,Rc2h7]}) 14... dxe5 {[%emt 0:07:05]} 15. Nxe5 {[%emt 0:00:06]
} (15. dxe5 Nc5 16. Bc2 Qxd1 17. Raxd1) 15... Nxe5 {[%emt 0:00:31]} 16. Bxe5 {
[%emt 0:00:05]} Qg5 {[%emt 0:05:40]} 17. Bg3 {[%emt 0:07:55]} h5 {[%emt 0:10:
34]} 18. Qd2 {[%emt 0:05:33]} Qd8 {[%emt 0:05:12]} 19. Rad1 {[%emt 0:04:33]}
Ne7 {[%emt 0:02:14]} 20. Ne3 {[%emt 0:03:36]} Bh6 {[%emt 0:01:16]} 21. Qe2 {
[%emt 0:01:17]} f5 {[%emt 0:10:19]} 22. f4 {[%emt 0:14:45]} (22. Bh4 g5 (22...
f4 23. Nf5 $3 g5 (23... Rxf5 24. Qxe6 g5 25. Qxe7+ Qxe7 26. Rxe7+ Kh8 27. Bc2
Rf6 28. Rxc7 Bd5 (28... Bc6 29. Rh7+ Kg8 30. Rxh6 Rxh6 31. Bxg5 Rd6 32. Bxf4)
29. Rh7+ Kg8 30. Bxg5 Bxg5 31. Rxh5) (23... gxf5 24. Qxe6) 24. Nxe7 Qxe7 25.
Qxh5 gxh4 26. Rxe6 Qg7 27. Bc2+ Kg8 28. Rg6) 23. Bxg5 Bxg5 24. Qxh5+ Bh6 25.
Ng4 fxg4 26. Rxe6 Ng8 27. Bc2+ Kg7 (27... Kh8 28. Rxh6+ Nxh6 29. Qxh6+ Kg8 30.
Qh7#) 28. Qg6+ Kh8 29. Qh7#) 22... Qd6 {[%emt 0:04:01]} 23. Nc4 {[%emt 0:00:24]
} Qc6 {[%emt 0:00:36]} 24. Ne5 {[%emt 0:03:55]} Qd6 {[%emt 0:00:29]} 25. Nc4 {
[%emt 0:01:41]} Qc6 {[%emt 0:00:07]} 26. Rd2 {[%emt 0:02:41]} Nd5 {[%emt 0:07:
25]} 27. Qxe6 {[%emt 0:00:43]} Rae8 {[%emt 0:00:52]} (27... Qxe6 28. Rxe6 Rfe8
29. Rde2 Rxe6 30. Rxe6 Bxf4 31. Nxb6 $3 cxb6 (31... Bxg3 32. Bxd5 Bxd5 33. Nxd5
) 32. Bxd5 Bxd5 33. Re7+ Kg8 34. Bxf4) 28. Qxc6 {[%emt 0:00:17]} Rxe1+ {
[%emt 0:00:05]} 29. Bxe1 {[%emt 0:00:03]} Bxc6 {[%emt 0:00:05]} 30. Ne5 {
[%emt 0:02:54]} Bb7 {[%emt 0:00:07]} 31. g3 {[%emt 0:01:01]} h4 {[%emt 0:00:06]
} 32. Re2 {[%emt 0:05:59]} hxg3 {[%emt 0:02:10]} 33. Bxd5 {[%emt 0:00:45]} Bxd5
{[%emt 0:00:06]} 34. Bxg3 {[%emt 0:00:03]} Re8 {[%emt 0:00:59]} 35. b4 {
[%emt 0:01:58]} Bb3 {[%emt 0:05:09]} (35... g5 36. Rf2 gxf4 37. Bxf4 Rg8+ 38.
Kf1 Bxf4 39. Rxf4 Rg3) 36. a5 {[%emt 0:00:12]} b5 $2 {[%emt 0:00:08][%csl Ra6]}
(36... bxa5 37. bxa5 g5 38. Rf2 Be6) 37. Kf2 {[%emt 0:00:58]} Kg7 {[%emt 0:03:
27]} 38. Nd7 {[%emt 0:04:03]} Rxe2+ {[%emt 0:02:20]} 39. Kxe2 Be6 {[%emt 0:00:
10]} 40. Nc5 {[%emt 0:00:56]} Bc8 {[%emt 0:00:04]} 41. c4 {[%emt 0:08:46]} c6 {
[%emt 0:04:28]} (41... bxc4 42. b5 axb5 43. a6 Bxa6 44. Nxa6 c6 45. Nb4) 42. d5
{[%emt 0:04:01]} Kf7 {[%emt 0:01:01]} 43. dxc6 {[%emt 0:00:19]} Bf8 {[%emt 0:
00:07]} 44. cxb5 {[%emt 0:01:10]} Bxc5 {[%emt 0:06:01]} 45. bxc5 {[%emt 0:00:
19]} (45. b6 Bd6 46. b5 axb5 (46... Be6 47. Kd3 Bd5 48. Kd4 Bg2 49. bxa6 Bxc6
50. a7) 47. b7 Be6 48. a6) 45... axb5 {[%emt 0:00:07]} 46. Kd3 {[%emt 0:00:14]}
b4 {[%emt 0:04:19]} (46... Ba6 47. Kd4 b4 48. Be1 b3 49. Bc3 Ke6 50. c7 Bc8 51.
c6 Kd6 52. h4 Ba6 53. Bb2 Bc8 54. Ba3+ Kxc7 55. Ke5 Kxc6 56. Kf6) (46... Ke6
47. Kd4 Ba6 48. Be1 Bc8 49. Bb4 Ba6 50. c7) 47. Kc4 {[%emt 0:01:37]} Ba6+ {
[%emt 0:00:21]} 48. Kxb4 {[%emt 0:00:12]} Ke6 {[%emt 0:00:04]} 49. Bh4 {
[%emt 0:00:37]} Kd5 {[%emt 0:00:59]} 50. c7 {[%emt 0:00:06]} Kc6 {[%emt 0:00:
04]} 51. Bd8 {[%emt 0:00:05]} Kd5 {[%emt 0:00:55]} (51... Kd7 52. Kc3 {[%csl
Rg6,Rh3][%cal Rc3d4,Rd4e5,Re5f6]}) (51... Bc8 52. Kc4 {[%cal Rc4d4,Rd4e5,Re5f6]
}) 52. c8=Q {[%emt 0:03:06]} Bxc8 {[%emt 0:00:05]} 53. Kb5 {[%emt 0:00:03]
[%cal Rb5b6,Rc5c6,Ra5a6,Ra6a7,Rc6c7]} 1-0